000 00538nam a2200145 i 4500
001 184320
003 ES-MaACL
005 20230906222149.0
008 150618s1895 be |||| | fre d
245 0 0 _aLouage de Sevices
_b: rapports des domestiques avec les maitres.
260 _aBruxelles :
_b[s.n.],
_c1895 (
_fImp. Bruylant-Christophe)
300 _a6 p. ;
_c24 cm.
650 4 _aServicio doméstico-
_xEstatuto jurídico-
_zBélgica.
_9157069
852 _aES-MaACL
_jT-822-F-3
_z.- Enc. en un vol. facticio conservando la enc. original
999 _c184320
_d184320